1973 1177 1415 1973 1136 1995 1547 1149 1879 1449 1801 1280 1334 1294 1842 1396 1666 1335 1035 1281 1609 1228 1920 1547 1158 1007 1282 1918 1446 1035 1513 1100 1005 1260 1744 1213 1818 1508 1819 1536 1052 1938 1832 1950 1067 1565 1418 1759 1101 1465 1561 1197 1119 1116 1761 1916 1196 1147 1708 1305 1082 1354 1536 1925 1133 1482 1067 1073 1385 1124 1843 1959 1893 1066 1202 1375 1242 1787 1844 1416 1101 1672 1578 1355 1936 1108 1520 1817 1172 1013 1255 1661 1118 1277 1157 1939 1592 1427 1355 BCNSPRNW ULIB Ver.6.0+V

เปลี่ยนเป็นภาษาไทย

Change to English
 แสดงรายละเอียดบรรณานุกรม
  กลับหน้าหลัก

Brief Record : Get Marc (ISO 2709) : E-mail record : QR code < ปิดหน้าต่าง
LEADER : 00000nam 2200000uu 4500
001    13399120196
003     ULIB
008    120911s2550||||th 000 0 tha d
020    ^a9789744567819
020    ^a9744567813
060    ^aW84^bอ823ก
100    ^aอุทัยวรรณ สุกิมานิล
245    ^aการบริการปฐมภูมิ. =^bPrimary care./^cโดย อุทัยวรรณ สุกิมานิล
246    ^aPrimary care
250    ^aพิมพ์ครั้งที่ 2
260    ^aนนทบุรี:^bโครงการสวัสดิการวิชาการ สถาบันพระบรมราชชนก,^c2550.
300    ^a263 หน้า
650    ^aการบริการด้านสุขภาพ
650  0 ^aบริการปฐมภูมิ
650  0 ^aสุขภาพ
945    ^p295^l0^i19507
945    ^p295^l0^i19508
999    ^aกัณชพร
รายการนี้ยังไม่มีแท็ก
คุณยังไม่ได้ล็อกอิน คุณสามารถมีกิจกรรมร่วมกับเว็บไซต์ได้ แต่ต้องล็อกอินก่อน ::
  ล็อกอิน

รายการสื่อสารสนเทศ

ลำดับที่ ประเภท เลขเรียก/บาร์โค้ด สถานที่ สถานะ
- ไม่พบข้อมูล -

รายการใกล้เคียง
    ผู้แต่ง [อุทัยวรรณ สุกิมานิล]

    หัวเรื่อง [การบริการด้านสุขภาพ]
    หัวเรื่อง [บริการปฐมภูมิ]
    หัวเรื่อง [สุขภาพ]

BibComment


ยังไม่เคยถูกคอมเมนท์

คอมเมนท์ทรัพยากรรายการนี้
  คอมเมนท์: การบริการปฐมภูมิ..


 Copyright 2026. Bcnsprnw @Library